000 00611cam a22002173a 4500
001 44630
003 PGUSA
005 20140828084023.0
008 140108s2014||||xxu|||||s|||||000 | eng d
040 _aPGUSA
_beng
042 _adc
100 1 _aLagerlöf, Selma,
_d1858-1940
245 1 0 _aFrom a Swedish Homestead
_h[electronic resource] /
_cSelma Lagerlöf
260 _bProject Gutenberg,
_c2014
506 _aPublic domain in the USA.
516 _aElectronic text
700 1 _aBrochner, Jessie
830 0 _aProject Gutenberg
_v44630
856 4 0 _uhttp://www.gutenberg.org/ebooks/44630
942 _cEB
999 _c273881
_d273881